[Event "Frankfurt Ch 2010"]
[Site "Ffm-Kalbach, LAZ"]
[Date "2010.05.10"]
[Round "3.1"]
[White "Schwenkreis, Thomas"]
[Black "Reschke, Stefan"]
[Result "0-1"]
[WhiteElo "2092"]
[BlackElo "2370"]
[PlyCount "122"]
[EventDate "2010.??.??"]
[SourceDate "2009.03.13"]
[WhiteTeam "SC Brett vor'm Kopp Ffm"]
[BlackTeam "VSG 1880 Offenbach"]

1. e4 c5 2. Nf3 Nc6 3. g3 g6 4. Bg2 Bg7 5. O-O d6 6. h3 Nf6 7. Re1 e5 8. c3 O-O
9. Na3 Re8 10. d3 h6 11. Be3 Rb8 12. Qd2 Kh7 13. b4 b6 14. b5 Na5 15. c4 Rf8
16. Nh2 Bd7 17. Rab1 Qe7 18. Nc2 Ne8 19. f4 Nc7 20. g4 exf4 21. Bxf4 Ne6 22.
Bg3 Nd4 23. Nxd4 Bxd4+ 24. Kh1 f6 25. Rf1 Nb7 26. Qc2 Nd8 27. Rb3 Be5 28. Be1
Ne6 29. Ra3 Rb7 30. Bd2 Kg7 31. Qc1 Rh8 32. Nf3 h5 33. g5 Rc7 34. h4 Nd4 35.
gxf6+ Bxf6 36. Nxd4 cxd4 37. e5 dxe5 38. Rb3 Bf5 39. Bb4 Qd7 40. Bc6 Rxc6 41.
bxc6 Qxc6+ 42. Kh2 Bxh4 43. Qa3 Qd7 44. Bd6 Re8 45. c5 Re6 46. cxb6 axb6 47.
Rxb6 Be7 48. Bxe7 Rxb6 49. Bf8+ Kg8 50. Bc5 Rc6 51. Rf2 Qc7 52. Qa8+ Kh7 53.
Rb2 Bc8 54. Bb6 Rxb6 55. Rxb6 e4+ 56. Kg2 Qxb6 57. Qxc8 exd3 58. Qe8 Qf6 59.
Qe1 Qg5+ 60. Kh2 Qe3 61. Qf1 Kg7 0-1

[Event "Frankfurt Ch 2010"]
[Site "Ffm-Kalbach, LAZ"]
[Date "2010.05.10"]
[Round "3.2"]
[White "Wahedi, Ahmad Siar"]
[Black "Holzschuh, Gerald"]
[Result "1-0"]
[WhiteElo "2298"]
[BlackElo "2139"]
[PlyCount "75"]
[EventDate "2010.??.??"]
[SourceDate "2009.03.13"]
[WhiteTeam "SC Steinbach"]
[BlackTeam "SC Bad Nauheim"]

1. e4 d6 2. Nc3 g6 3. Bc4 Bg7 4. f4 c6 5. a4 b6 6. Nf3 e6 7. Qe2 Ne7 8. d3 Ba6
9. Bxa6 Nxa6 10. O-O Nc7 11. Bd2 Qd7 12. Qf2 O-O 13. Qh4 f6 14. g4 h6 15. Qg3
Kh7 16. h4 Rg8 17. g5 f5 18. gxh6 Bxh6 19. Rae1 Raf8 20. Re2 Rg7 21. Nd1 fxe4
22. dxe4 d5 23. Bc3 d4 24. Nxd4 e5 25. fxe5 Rxf1+ 26. Kxf1 c5 27. e6 Qd8 28.
Nf3 Qxd1+ 29. Re1 Qd8 30. Bxg7 Bxg7 31. Ng5+ Kg8 32. Ke2 Qc8 33. Qf4 Nc6 34.
Qf7+ Kh8 35. Qxg6 Nd4+ 36. Kd1 Kg8 37. Rf1 Ncxe6 38. Qh7# 1-0

[Event "Frankfurt Ch 2010"]
[Site "Ffm-Kalbach, LAZ"]
[Date "2010.05.10"]
[Round "3.3"]
[White "Zuyev, Igor"]
[Black "Koch, Markus"]
[Result "1/2-1/2"]
[WhiteElo "2329"]
[BlackElo "2045"]
[PlyCount "123"]
[EventDate "2010.??.??"]
[SourceDate "2009.03.13"]
[WhiteTeam "SC Ladja Roßdorf"]
[BlackTeam "SC Brett vor'm Kopp Ffm"]

1. e4 c5 2. Nc3 g6 3. f4 Bg7 4. Nf3 Nc6 5. Bb5 Nd4 6. O-O Nxb5 7. Nxb5 d5 8.
exd5 a6 9. Nc3 Nf6 10. d4 Nxd5 11. dxc5 Nxc3 12. Qxd8+ Kxd8 13. bxc3 Be6 14.
Nd4 Bc4 15. Re1 Rc8 16. Ba3 e6 17. Bb4 Kc7 18. Ba5+ Kb8 19. c6 Bxd4+ 20. cxd4
Rxc6 21. Reb1 Ka7 22. Rb2 b6 23. Be1 Bd5 24. Kf2 Rhc8 25. c3 Rc4 26. a4 h6 27.
Rab1 Be4 28. Ra1 f5 29. Ra3 Bc6 30. Re2 Bd5 31. h3 Kb7 32. Rb2 Kc7 33. Ke3 Bc6
34. Rba2 Kd6 35. g3 Bd5 36. Rb2 Rb8 37. Rab3 Rxa4 38. Rxb6+ Rxb6 39. Rxb6+ Kc7
40. Rb1 Ra2 41. Rc1 Bc4 42. Bd2 a5 43. Rb1 Ra3 44. g4 Bd5 45. gxf5 gxf5 46. Rg1
a4 47. Kd3 Kc6 48. Rg8 Ra1 49. Ra8 Kb7 50. Ra5 Kb6 51. Rc5 Rh1 52. c4 Rxh3+ 53.
Be3 Be4+ 54. Ke2 h5 55. Rb5+ Kc6 56. Ra5 Bc2 57. d5+ exd5 58. cxd5+ Kd6 59. Bd4
Rh2+ 60. Ke3 Rh3+ 61. Ke2 Rh2+ 62. Ke3 1/2-1/2

[Event "Frankfurt Ch 2010"]
[Site "Ffm-Kalbach, LAZ"]
[Date "2010.05.10"]
[Round "3.4"]
[White "Bösch, Dirk"]
[Black "Isserman, Ryhor"]
[Result "0-1"]
[WhiteElo "2059"]
[BlackElo "2296"]
[PlyCount "92"]
[EventDate "2010.??.??"]
[SourceDate "2009.03.13"]
[WhiteTeam "SC Brett vor'm Kopp Ffm"]
[BlackTeam "SK Bad Homburg 1927"]

1. d4 Nf6 2. Nf3 g6 3. b3 c5 4. c4 Bg7 5. Bb2 cxd4 6. Nxd4 O-O 7. e3 d5 8. Nc3
Nc6 9. Nxd5 Nxd5 10. Nxc6 bxc6 11. Bxg7 Nxe3 12. fxe3 Kxg7 13. Qd4+ Kg8 14. Be2
Qa5+ 15. Qd2 Qe5 16. O-O c5 17. Bf3 Rb8 18. Kh1 Qc7 19. Qf2 a5 20. Rad1 a4 21.
bxa4 Rb4 22. h4 Be6 23. Bd5 Bxd5 24. cxd5 Rxa4 25. h5 Qe5 26. hxg6 hxg6 27. e4
Rxe4 28. Rfe1 f5 29. Kg1 Rb8 30. Rxe4 Qxe4 31. Re1 Qxd5 32. Qg3 Qd6 33. Qxd6
exd6 34. Re6 Rd8 35. Rxg6+ Kf7 36. Rh6 Ke7 37. Rh7+ Ke6 38. Ra7 Ke5 39. Kf2 c4
40. Ke3 Rg8 41. Ra5+ d5 42. Ra7 Rxg2 43. Ra8 f4+ 44. Kf3 Rg3+ 45. Ke2 d4 46.
Ra5+ Ke4 0-1

[Event "Frankfurt Ch 2010"]
[Site "Ffm-Kalbach, LAZ"]
[Date "2010.05.10"]
[Round "3.5"]
[White "Guth, Thomas"]
[Black "Marzahn, Heiko"]
[Result "1-0"]
[WhiteElo "2282"]
[BlackElo "1984"]
[PlyCount "118"]
[EventDate "2010.??.??"]
[SourceDate "2009.03.13"]
[WhiteTeam "SC Rotation Pankow"]
[BlackTeam "Sfr.Erbach"]

1. e4 c5 2. Nf3 Nc6 3. d4 cxd4 4. Nxd4 Nf6 5. Nc3 e5 6. Ndb5 d6 7. Bg5 a6 8.
Na3 b5 9. Nd5 Be7 10. Bxf6 Bxf6 11. c3 Rb8 12. Nc2 Bg5 13. h4 Bxh4 14. g3 Bg5
15. Bh3 Be6 16. Bxe6 fxe6 17. Qh5+ Kd7 18. Ndb4 Nxb4 19. Nxb4 a5 20. Nd3 g6 21.
Qe2 Qb6 22. f4 exf4 23. gxf4 Bh4+ 24. Kd2 Be7 25. a3 Rbf8 26. Kc2 Qc6 27. Qe3
Bd8 28. Rad1 Kc8 29. Rhe1 Rf7 30. Qh3 Re8 31. Kb1 Kb8 32. Qg4 Bb6 33. Nc1 Bc7
34. Nb3 Qc4 35. Nc1 d5 36. exd5 Rxf4 37. Qe2 Qxe2 38. Rxe2 e5 39. d6 Bd8 40.
Rd5 e4 41. Rxb5+ Kc8 42. c4 Kd7 43. c5 Kc6 44. a4 Re5 45. Rb8 Bg5 46. Rc8+ Kd7
47. Rc7+ Ke6 48. Kc2 Rd5 49. Nb3 h5 50. Nd2 Ke5 51. b3 Kd4 52. Nc4 Rf3 53. Re7
Kxc5 54. R7xe4 Bf6 55. R4e3 Rxe3 56. Rxe3 h4 57. Re6 Bd8 58. Rxg6 Rh5 59. Rg8
Bf6 1-0

[Event "Frankfurt Ch 2010"]
[Site "Ffm-Kalbach, LAZ"]
[Date "2010.05.10"]
[Round "3.6"]
[White "Graebner, Walter"]
[Black "Rapoport, Vladimir"]
[Result "1/2-1/2"]
[WhiteElo "2053"]
[BlackElo "2303"]
[PlyCount "105"]
[EventDate "2010.??.??"]
[SourceDate "2009.03.13"]
[WhiteTeam "SC 1961 König Nied"]
[BlackTeam "SC Heusenstamm"]

1. d4 Nf6 2. c4 e6 3. Nf3 c5 4. d5 exd5 5. cxd5 b5 6. Bg5 d6 7. e4 a6 8. Bd3
Be7 9. h3 Nbd7 10. O-O O-O 11. Bc2 Bb7 12. Bf4 Qc7 13. a4 b4 14. b3 a5 15. Bd3
Ne5 16. Nxe5 dxe5 17. Bh2 Nd7 18. Nd2 Bd6 19. Nc4 Ba6 20. Nxd6 Bxd3 21. Qxd3
Qxd6 22. f4 f6 23. f5 Rfc8 24. Rfc1 Qa6 25. Qxa6 Rxa6 26. Kf1 Kf8 27. Bg1 Ke7
28. Ra2 Kd6 29. Rac2 Ra7 30. Ke2 Rac7 31. Kf3 g6 32. g4 Rg8 33. Be3 Rcc8 34.
Rg1 gxf5 35. gxf5 Rxg1 36. Bxg1 Rg8 37. Be3 Rc8 38. Rc1 Rg8 39. Rc2 Rc8 40. Rc1
c4 41. bxc4 Nc5 42. Bxc5+ Kxc5 43. Ke3 Rg8 44. Rd1 Kxc4 45. d6 Rd8 46. Rd5 b3
47. Kd2 Rd7 48. Kd1 Kc3 49. Kc1 Kb4 50. Kb2 Kxa4 51. Kc3 b2 52. Kxb2 Kb4 53.
Ka2 1/2-1/2

[Event "Frankfurt Ch 2010"]
[Site "Ffm-Kalbach, LAZ"]
[Date "2010.05.10"]
[Round "3.7"]
[White "Wege, Jochen"]
[Black "Funkschmidt, Kai Michael"]
[Result "1-0"]
[WhiteElo "2277"]
[BlackElo "1821"]
[PlyCount "83"]
[EventDate "2010.??.??"]
[SourceDate "2009.03.13"]
[WhiteTeam "SC Brett vor'm Kopp Ffm"]
[BlackTeam "SC Empor Maulwurf Bonn"]

1. Nc3 e6 2. d4 b6 3. a3 Bb7 4. e4 d5 5. exd5 exd5 6. Nf3 Nd7 7. Bd3 Ngf6 8.
O-O Be7 9. Re1 O-O 10. Ne5 c5 11. Bf4 a6 12. Qf3 g6 13. Nxd7 Nxd7 14. Nxd5 Bxd5
15. Qxd5 cxd4 16. Bh6 Re8 17. Bc4 Bf6 18. Qxf7+ Kh8 19. Bd3 Ne5 20. Qb3 Qd6 21.
Re4 Re7 22. Bf4 Qc5 23. Rae1 Nxd3 24. Qxd3 Rxe4 25. Qxe4 Rf8 26. Bh6 Bg7 27.
Bxg7+ Kxg7 28. Re2 Rf7 29. h4 Rd7 30. Rd2 Kf6 31. c3 Qf5 32. Qc6+ Qe6 33. Qxe6+
Kxe6 34. cxd4 Kd5 35. f3 Kc4 36. g4 h5 37. Kf2 b5 38. d5 a5 39. d6 Kc5 40. Ke3
b4 41. axb4+ axb4 42. b3 1-0

[Event "Frankfurt Ch 2010"]
[Site "Ffm-Kalbach, LAZ"]
[Date "2010.05.10"]
[Round "3.8"]
[White "Kolker, Vladislav"]
[Black "Chandler, Patrick"]
[Result "0-1"]
[WhiteElo "2111"]
[BlackElo "2265"]
[PlyCount "132"]
[EventDate "2010.??.??"]
[SourceDate "2009.03.13"]
[WhiteTeam "Sfr.1891 Friedberg"]
[BlackTeam "VSG 1880 Offenbach"]

1. e4 d5 2. exd5 Qxd5 3. Nc3 Qd6 4. d4 Nf6 5. Nf3 c6 6. Ne5 Bf5 7. Bf4 Nbd7 8.
Bc4 Nxe5 9. Bxe5 Qb4 10. Bb3 e6 11. a3 Qa5 12. O-O Be7 13. Qe2 O-O 14. Nd1 Nd7
15. Ne3 Bg6 16. Bg3 Bf6 17. Rad1 Nb6 18. Rd2 Rfd8 19. Rfd1 Bh5 20. f3 Rd7 21.
c4 c5 22. dxc5 Rxd2 23. Qxd2 Qxc5 24. Bd6 Qc6 25. c5 Nd7 26. Qa5 b5 27. cxb6
Qxb6 28. Qxb6 Nxb6 29. Rd2 Rd8 30. Nf1 Nc8 31. Bc5 Rxd2 32. Nxd2 Bxb2 33. Nc4
Bf6 34. Ba4 Be7 35. Bxe7 Nxe7 36. Nd6 Kf8 37. Bb5 Bg6 38. Kf2 Bc2 39. Ke3 e5
40. f4 exf4+ 41. Kxf4 f6 42. a4 a6 43. Bxa6 Nd5+ 44. Kf3 Bxa4 45. Bc4 Nb6 46.
Bd3 g6 47. h4 Ke7 48. Nb5 Nd7 49. Kf4 Nc5 50. Bc4 Bb3 51. Be2 Bd5 52. g4 Ne6+
53. Ke3 f5 54. Nd4 f4+ 55. Kd3 Nc5+ 56. Kd2 Kd6 57. Nf3 Bxf3 58. Bxf3 Ke5 59.
Bc6 Ne6 60. Ke1 Nd4 61. Bb7 f3 62. Kf2 Kf4 63. Bc8 Nc6 64. h5 g5 65. h6 Ne5 66.
Bf5 Nxg4+ 0-1

[Event "Frankfurt Ch 2010"]
[Site "Ffm-Kalbach, LAZ"]
[Date "2010.05.10"]
[Round "3.9"]
[White "Göbel, Andreas"]
[Black "Uwira, Oliver"]
[Result "1/2-1/2"]
[WhiteElo "2040"]
[BlackElo "2230"]
[PlyCount "120"]
[EventDate "2010.??.??"]
[SourceDate "2009.03.13"]
[WhiteTeam "SC Brett vor'm Kopp Ffm"]
[BlackTeam "SC 1961 König Nied"]

1. Nf3 d5 2. g3 c5 3. Bg2 Nc6 4. d4 e6 5. O-O Nf6 6. c4 Be7 7. cxd5 exd5 8. Nc3
O-O 9. Bg5 cxd4 10. Nxd4 h6 11. Bxf6 Bxf6 12. e3 Be6 13. Qb3 Na5 14. Qa4 Rc8
15. Rac1 Rc4 16. Nxe6 fxe6 17. Qd1 Kh8 18. Qd2 Qc7 19. Ne2 Rc8 20. b3 Rc2 21.
Rxc2 Qxc2 22. Qxa5 Qxe2 23. Qxa7 Qa6 24. Qxa6 bxa6 25. Rd1 Kg8 26. Bf1 a5 27.
Bd3 Bb2 28. Rd2 Rc1+ 29. Kg2 Bc3 30. Rc2 Rxc2 31. Bxc2 Bb2 32. f4 Kf7 33. Kf3
Ke7 34. e4 dxe4+ 35. Kxe4 Kd6 36. Bd3 Ke7 37. g4 g5 38. f5 Kf6 39. fxe6 Kxe6
40. Bc4+ Kf6 41. Kd5 Ba3 42. Kc6 Ke5 43. Kb5 Bb4 44. a3 Bxa3 45. Kxa5 Kf4 46.
Be6 Kf3 47. b4 Kg2 48. Bf7 Kf3 49. h3 Ke4 50. b5 Ke5 51. b6 Kd6 52. Kb5 Bc5 53.
Bg6 Bf2 54. Be4 Bg1 55. Ka6 Bf2 56. Kb5 Bg1 57. b7 Kc7 58. b8=Q+ Kxb8 59. Kc6
Bf2 60. Bf5 Bh4 1/2-1/2

[Event "Frankfurt Ch 2010"]
[Site "Ffm-Kalbach, LAZ"]
[Date "2010.05.10"]
[Round "3.10"]
[White "Prudlo, Simon"]
[Black "Syed, Tareq"]
[Result "1-0"]
[WhiteElo "2251"]
[BlackElo "2112"]
[PlyCount "97"]
[EventDate "2010.??.??"]
[SourceDate "2009.03.13"]
[WhiteTeam "SC Heusenstamm"]
[BlackTeam "SC Brett vor'm Kopp Ffm"]

1. e4 c6 2. c4 e5 3. Nf3 d6 4. d4 Nd7 5. Nc3 Ngf6 6. Be2 Be7 7. O-O O-O 8. Re1
Re8 9. d5 c5 10. Rb1 h6 11. b4 b6 12. Nd2 Nf8 13. bxc5 bxc5 14. Nb3 Ng6 15. Bd2
a5 16. Bf1 Nh7 17. Na4 Bd7 18. Nc1 Rb8 19. Rxb8 Qxb8 20. Qb3 Qxb3 21. axb3 Bxa4
22. bxa4 Rb8 23. Bxa5 Rb2 24. g3 Nf6 25. Bd3 Rb7 26. Bc3 Ne8 27. Ne2 Nc7 28.
Rb1 Rxb1+ 29. Bxb1 Na6 30. Ba5 Kf8 31. Nc3 Ke8 32. Nb5 Kd7 33. Bd3 Kc8 34. Be2
Nf8 35. Bg4+ Kb7 36. h4 g6 37. h5 Nh7 38. hxg6 fxg6 39. Bd7 Nf6 40. Bc6+ Kc8
41. f3 g5 42. g4 Bf8 43. Bb6 Be7 44. Na7+ Kb8 45. Bb5 Kb7 46. a5 h5 47. gxh5
Nxh5 48. Nc6 Bf8 49. Nd8+ 1-0

[Event "Frankfurt Ch 2010"]
[Site "Ffm-Kalbach, LAZ"]
[Date "2010.05.10"]
[Round "3.11"]
[White "Kripfganz, Sebastian"]
[Black "Röschlau, Bernd"]
[Result "0-1"]
[WhiteElo "2002"]
[BlackElo "2226"]
[PlyCount "112"]
[EventDate "2010.??.??"]
[SourceDate "2009.03.13"]
[WhiteTeam "SG Turm Leipzig"]
[BlackTeam "SC Brett vor'm Kopp Ffm"]

1. c4 Nf6 2. Nc3 g6 3. Nf3 Bg7 4. g3 O-O 5. Bg2 d5 6. cxd5 Nxd5 7. O-O c5 8.
Qb3 Nb4 9. a3 N4c6 10. d3 Nd7 11. Be3 Rb8 12. Rac1 b6 13. Ng5 Nde5 14. Bf4 Nd4
15. Qa2 a5 16. Bxe5 Bxe5 17. Nf3 Be6 18. Qb1 Bg7 19. Nxd4 Qxd4 20. b4 cxb4 21.
axb4 Rfd8 22. Nb5 Qxb4 23. Qxb4 axb4 24. Rb1 b3 25. Nc7 b2 26. Nxe6 fxe6 27.
Be4 Bc3 28. Rfd1 e5 29. e3 Kg7 30. Kf1 Rd6 31. Ke2 b5 32. f3 b4 33. f4 Rb5 34.
Rf1 exf4 35. gxf4 e5 36. fxe5 Rxe5 37. Rf4 Ra5 38. d4 Rh5 39. Rh1 Re6 40. Bd3
g5 41. Re4 Reh6 42. h4 gxh4 43. Re7+ Kf6 44. Ra7 h3 45. Ra6+ Kg5 46. Rg1+ Kh4
47. Kf3 Rf5+ 48. Bxf5 Rxa6 49. Bxh7 h2 50. Rh1 Rf6+ 51. Kg2 Kg4 52. Be4 Bd2 53.
Kxh2 Rf2+ 54. Kg1 Bxe3 55. Rh2 Rc2+ 56. Kf1 b1=Q# 0-1

[Event "Frankfurt Ch 2010"]
[Site "Ffm-Kalbach, LAZ"]
[Date "2010.05.10"]
[Round "3.12"]
[White "Heidel, Andre Nicolas"]
[Black "Zimmer, Gerald"]
[Result "1-0"]
[WhiteElo "2152"]
[BlackElo "1779"]
[PlyCount "93"]
[EventDate "2010.??.??"]
[SourceDate "2009.03.13"]
[WhiteTeam "Ratinger SK 1950"]
[BlackTeam "SC Bergen-Enkheim 1922"]

1. d4 d5 2. Nf3 Nf6 3. c4 e6 4. g3 Bb4+ 5. Nbd2 O-O 6. Bg2 dxc4 7. O-O c3 8.
Nb3 cxb2 9. Bxb2 Nbd7 10. Qc2 c6 11. e4 Nb6 12. Rfd1 Na4 13. Bc1 Nc3 14. a3
Nxd1 15. axb4 Nxf2 16. Kxf2 Qb6 17. Bd2 e5 18. Nxe5 Be6 19. Nc5 Rad8 20. Qc3 h6
21. Kg1 a6 22. Rf1 Qc7 23. Bxh6 Ng4 24. Nxe6 fxe6 25. Bf4 Nxe5 26. Bxe5 Rxf1+
27. Bxf1 Qf7 28. Bc4 Rf8 29. Qe3 b5 30. Be2 Qe7 31. Qd2 Qf7 32. Qe1 Qg6 33. Bd1
Qf7 34. Bg4 Qg6 35. Qe2 Qf7 36. h4 Qe7 37. Kg2 Qf7 38. Bd6 Rd8 39. e5 Kh8 40.
Qe4 Rc8 41. Bf3 Kg8 42. Qg4 Kh8 43. Be4 g5 44. Qxg5 Qg7 45. Qf6 Qxf6 46. exf6
Rd8 47. f7 1-0

[Event "Frankfurt Ch 2010"]
[Site "Ffm-Kalbach, LAZ"]
[Date "2010.05.10"]
[Round "3.13"]
[White "Hierling, Stefan"]
[Black "Schramm, Christian"]
[Result "1-0"]
[WhiteElo "2059"]
[BlackElo "2322"]
[PlyCount "113"]
[EventDate "2010.??.??"]
[SourceDate "2009.03.13"]
[WhiteTeam "SK 1927 Dieburg"]
[BlackTeam "SC 1959 Obernau"]

1. e4 c6 2. d4 d5 3. exd5 cxd5 4. Nc3 Nc6 5. Be2 Bf5 6. a3 e6 7. Nf3 Bd6 8. O-O
Rc8 9. Re1 h6 10. h3 Nge7 11. Bd3 Bb8 12. Ne2 Bxd3 13. Qxd3 Ng6 14. Bd2 O-O 15.
Rac1 Re8 16. Kf1 e5 17. Nxe5 Ngxe5 18. dxe5 Nxe5 19. Qb3 Nc4 20. Rcd1 Qd6 21.
Bf4 Qf6 22. Bc1 Be5 23. c3 Qc6 24. Ng1 Qa6 25. Ne2 Qc6 26. Ng1 Bh2 27. Ne2 Re6
28. Nd4 Rxe1+ 29. Rxe1 Qa6 30. Qb5 Qg6 31. g3 Bxg3 32. fxg3 Qxg3 33. Qxd5 Qxh3+
34. Qg2 Qxg2+ 35. Kxg2 Rc7 36. b3 Na5 37. Bd2 Rd7 38. Re2 a6 39. Kf3 Kh7 40.
Rh2 b6 41. Ke4 Nb7 42. b4 b5 43. Bf4 Nd6+ 44. Bxd6 Rxd6 45. a4 bxa4 46. Ra2 h5
47. c4 h4 48. c5 Rd8 49. Rxa4 Kg6 50. Rxa6+ Kg5 51. Nf3+ Kg4 52. Ne5+ Kg3 53.
Ra3+ Kg2 54. c6 Rb8 55. Kd5 f5 56. c7 Rc8 57. Kc6 1-0

[Event "Frankfurt Ch 2010"]
[Site "Ffm-Kalbach, LAZ"]
[Date "2010.05.10"]
[Round "3.14"]
[White "Donchenko, Irina"]
[Black "Solonar, Stefan"]
[Result "1/2-1/2"]
[WhiteElo "2058"]
[BlackElo "2338"]
[PlyCount "73"]
[EventDate "2010.??.??"]
[SourceDate "2009.03.13"]
[WhiteTeam "SK 1858 Gießen"]
[BlackTeam "SC Heusenstamm"]

1. c4 c5 2. Nf3 Nc6 3. d4 cxd4 4. Nxd4 e5 5. Nb5 d6 6. g3 Be6 7. b3 a6 8. N5c3
Nf6 9. Bg2 Be7 10. O-O O-O 11. Bb2 Rc8 12. Na3 Qd7 13. Nc2 Rb8 14. a4 Rfc8 15.
Ne3 Bd8 16. Ba3 Nd4 17. Ned5 Nxd5 18. Nxd5 b5 19. axb5 axb5 20. e3 Nf5 21. Qd3
Kh8 22. Rfc1 bxc4 23. bxc4 Rb7 24. Rab1 Rxb1 25. Rxb1 h5 26. h3 Nh6 27. Kh2 e4
28. Bxe4 Bxh3 29. Nf4 Ng4+ 30. Kg1 Ne5 31. Qxd6 Qxd6 32. Bxd6 Nxc4 33. Nxh3
Nxd6 34. Bf3 g6 35. Kg2 Kg7 36. Nf4 Nc4 37. Rb7 1/2-1/2

[Event "Frankfurt Ch 2010"]
[Site "Ffm-Kalbach, LAZ"]
[Date "2010.05.10"]
[Round "3.15"]
[White "Cors, Heinz-Friedrich"]
[Black "Engel, Berthold"]
[Result "0-1"]
[WhiteElo "1959"]
[BlackElo "2226"]
[PlyCount "92"]
[EventDate "2010.??.??"]
[SourceDate "2009.03.13"]
[WhiteTeam "SV Schachf.Darmstadt 1994"]
[BlackTeam "SC Brett vor'm Kopp Ffm"]

1. e4 Nc6 2. d4 d5 3. exd5 Qxd5 4. Nf3 Bg4 5. Be2 e6 6. c3 Nf6 7. Bf4 Bd6 8.
Bg3 O-O 9. O-O Ne4 10. Bxd6 cxd6 11. Nfd2 Bxe2 12. Qxe2 Nf6 13. Nc4 Rac8 14.
Ne3 Qa5 15. Nd2 d5 16. Ng4 Nxg4 17. Qxg4 Qb5 18. Rab1 Qd3 19. Rfd1 Qc2 20. h4
Na5 21. h5 h6 22. Nf3 Nc4 23. Ne1 Qh7 24. Nd3 Nd6 25. Ne5 Qe4 26. Qxe4 Nxe4 27.
g4 Rc7 28. f3 Nd6 29. Kg2 Nc4 30. Re1 Nxe5 31. Rxe5 b5 32. Rbe1 b4 33. f4 bxc3
34. bxc3 Rxc3 35. R1e3 Rc2+ 36. Re2 Rfc8 37. Kf2 R8c4 38. Rxc2 Rxc2+ 39. Re2
Rxe2+ 40. Kxe2 Kf8 41. Kd3 Ke7 42. Kc3 Kd6 43. Kb4 f6 44. Kc3 e5 45. dxe5+ fxe5
46. f5 Ke7 0-1

[Event "Frankfurt Ch 2010"]
[Site "Ffm-Kalbach, LAZ"]
[Date "2010.05.10"]
[Round "3.16"]
[White "Reschke, Thomas"]
[Black "Djakow, Alexander"]
[Result "1-0"]
[WhiteElo "2184"]
[BlackElo "1833"]
[PlyCount "77"]
[EventDate "2010.??.??"]
[SourceDate "2009.03.13"]
[WhiteTeam "SC Frankfurt-West"]
[BlackTeam "SC Bad Nauheim"]

1. c4 Nf6 2. g3 e6 3. Nf3 d5 4. b3 c5 5. Bg2 Nc6 6. e3 Bd6 7. Bb2 Rb8 8. cxd5
exd5 9. d4 Bg4 10. dxc5 Bxc5 11. O-O O-O 12. Nc3 Qd7 13. Rc1 Rbd8 14. Ne2 Ne4
15. Ne5 Nxe5 16. Bxe5 Qe7 17. Bb2 Nxf2 18. Rxf2 Bxe3 19. Qd3 Rfe8 20. Nf4 g5
21. Nxd5 Bxf2+ 22. Kh1 Qe1+ 23. Rxe1 Rxe1+ 24. Bf1 Rxf1+ 25. Kg2 Rd1 26. Nf6+
Kf8 27. Nxh7+ Kg8 28. Nf6+ Kf8 29. Qh7 Bc5 30. Nxg4 R1d2+ 31. Kh3 Bd4 32. Qh6+
Ke8 33. Nf6+ Bxf6 34. Bxf6 R8d6 35. Qxg5 Kd7 36. Qf5+ Kc6 37. a4 b6 38. Qc8+
Kd5 39. Qc4# 1-0

[Event "Frankfurt Ch 2010"]
[Site "Ffm-Kalbach, LAZ"]
[Date "2010.05.10"]
[Round "3.17"]
[White "Czech, Ludwig"]
[Black "Machlin, Maxim"]
[Result "1/2-1/2"]
[WhiteElo "2160"]
[BlackElo "1933"]
[PlyCount "61"]
[EventDate "2010.??.??"]
[SourceDate "2009.03.13"]
[WhiteTeam "VSG 1880 Offenbach"]
[BlackTeam "SK 1858 Gießen"]

1. c4 e5 2. g3 Nf6 3. Bg2 c6 4. d4 exd4 5. Qxd4 d5 6. cxd5 cxd5 7. Nf3 Nc6 8.
Qa4 Bd6 9. O-O O-O 10. Nc3 h6 11. Nb5 Bb8 12. Nbd4 Qb6 13. Nxc6 bxc6 14. Be3
Qa6 15. Qh4 Ng4 16. Bc5 Re8 17. h3 Ne5 18. Nd4 Bc7 19. b4 Bd7 20. a4 Qc8 21.
Rfc1 Kh7 22. Nf3 Bd8 23. Qf4 Nxf3+ 24. Qxf3 Bf6 25. Ra2 Bxh3 26. Bxh3 Qxh3 27.
Rac2 Qd7 28. Rd1 Qb7 29. Rb1 a6 30. Re1 Re6 31. Qd3+ 1/2-1/2

[Event "Frankfurt Ch 2010"]
[Site "Ffm-Kalbach, LAZ"]
[Date "2010.05.10"]
[Round "3.18"]
[White "Kreiling, Carsten"]
[Black "Hitzer, Dieter"]
[Result "1/2-1/2"]
[WhiteElo "2126"]
[BlackElo "1799"]
[PlyCount "54"]
[EventDate "2010.??.??"]
[SourceDate "2009.03.13"]
[WhiteTeam "SVG Eppstein 1932"]
[BlackTeam "Bad Vilbeler Sfr.1985"]

1. d4 Nf6 2. c4 e6 3. Nf3 b6 4. a3 Ba6 5. Qc2 Bb7 6. Nc3 c5 7. e4 cxd4 8. Nxd4
Bc5 9. Nb3 Nc6 10. Bf4 O-O 11. Nxc5 bxc5 12. Bd6 Nd4 13. Qd3 Re8 14. b4 e5 15.
Be2 Re6 16. bxc5 Nxe2 17. Qxe2 Ne8 18. Qd2 Rc8 19. Rb1 Nxd6 20. cxd6 Ba6 21.
O-O Rxc4 22. Qe3 Rd4 23. Nb5 Bxb5 24. Rxb5 Rexd6 25. Rxe5 h6 26. h3 Qb8 27. g3
Rd3 1/2-1/2

[Event "Frankfurt Ch 2010"]
[Site "Ffm-Kalbach, LAZ"]
[Date "2010.05.10"]
[Round "3.19"]
[White "Machowitsch, Wolf"]
[Black "Schneider, Uwe"]
[Result "1/2-1/2"]
[WhiteElo "1987"]
[BlackElo "2011"]
[PlyCount "90"]
[EventDate "2010.??.??"]
[SourceDate "2009.03.13"]
[WhiteTeam "SV 1934 Ffm-Griesheim"]
[BlackTeam "SV Kinzigtal"]

1. d4 Nf6 2. c4 g6 3. Nc3 d5 4. cxd5 Nxd5 5. e4 Nxc3 6. bxc3 c5 7. Be3 Bg7 8.
Bc4 Nc6 9. Ne2 O-O 10. O-O cxd4 11. cxd4 Na5 12. Bd3 b6 13. Rc1 e6 14. Qc2 Bb7
15. Qc7 Rc8 16. Qxd8 Rfxd8 17. Rxc8 Rxc8 18. Rc1 Rxc1+ 19. Bxc1 Kf8 20. f3 Nc6
21. Bb2 Ke8 22. Bc3 Bf8 23. Kf2 Nb4 24. Bb1 Ba6 25. Ke3 Bc4 26. a3 Nc6 27. Bb2
Kd7 28. Nc1 Na5 29. Nd3 f6 30. Nb4 Bf1 31. Kf2 Bb5 32. Ba2 Nc4 33. Bc1 a5 34.
Nc2 e5 35. Bb3 exd4 36. Bxc4 Bxc4 37. Nxd4 Bc5 38. Bb2 b5 39. f4 b4 40. axb4
Bxb4 41. Kf3 a4 42. Nc2 Be7 43. g4 Bb3 44. Ne3 Kc6 45. h4 Bf7 1/2-1/2

[Event "Frankfurt Ch 2010"]
[Site "Ffm-Kalbach, LAZ"]
[Date "2010.05.10"]
[Round "3.20"]
[White "Thomele, Michael"]
[Black "Kabir, Rezaul"]
[Result "0-1"]
[WhiteElo "1827"]
[BlackElo "2083"]
[PlyCount "108"]
[EventDate "2010.??.??"]
[SourceDate "2009.03.13"]
[WhiteTeam "SC 1959 Obernau"]
[BlackTeam "Sfr. Frankfurt 1921"]

1. d4 d5 2. Nc3 e6 3. e4 Bb4 4. Bd2 Nf6 5. e5 Nfd7 6. Qg4 g6 7. a3 Be7 8. b4 a5
9. b5 a4 10. Bd3 c5 11. Nf3 cxd4 12. Qxd4 Nc5 13. h4 h6 14. Be2 Nbd7 15. O-O b6
16. Rfe1 Bb7 17. Bf1 Ne4 18. Rxe4 dxe4 19. Nxe4 Bxe4 20. Qxe4 Nc5 21. Qf4 Qd5
22. Be3 Rb8 23. Nd4 g5 24. Qg3 Ne4 25. Qf3 Qxe5 26. Nc6 Qxa1 27. Qxe4 Rc8 28.
Bd4 Qxa3 29. Bxh8 Bc5 30. Qh7 gxh4 31. Qg8+ Bf8 32. Bg7 Qc5 33. Bc4 Rc7 34.
Bxh6 Rd7 35. Bd3 a3 36. Bxf8 Qxf8 37. Qxf8+ Kxf8 38. Nb4 Rd4 39. Na2 f5 40. f3
Ke7 41. Kf2 Kf6 42. Ke3 e5 43. Kd2 Kg5 44. Kc3 Kf4 45. Nc1 Ra4 46. Kb3 Ra7 47.
Ne2+ Ke3 48. Nc3 f4 49. Bf5 Kf2 50. Bh3 a2 51. Nxa2 Rg7 52. Nc3 Rxg2 53. Bxg2
Kxg2 54. Ne4 h3 0-1

[Event "Frankfurt Ch 2010"]
[Site "Ffm-Kalbach, LAZ"]
[Date "2010.05.10"]
[Round "3.21"]
[White "Richter, Tobias"]
[Black "Ottenburg, Ralph"]
[Result "1-0"]
[WhiteElo "2099"]
[BlackElo "1920"]
[PlyCount "71"]
[EventDate "2010.??.??"]
[SourceDate "2009.03.13"]
[WhiteTeam "SV Merseburg"]
[BlackTeam "Sfr. Frankfurt 1921"]

1. e4 e5 2. Nf3 Nc6 3. Bb5 a6 4. Ba4 Nf6 5. O-O Be7 6. Re1 b5 7. Bb3 d6 8. c3
O-O 9. d4 Bg4 10. d5 Na5 11. Bc2 c5 12. Nbd2 Nb7 13. Nf1 Re8 14. Ne3 g6 15. h3
Bd7 16. Kh1 c4 17. Nh2 Nc5 18. Neg4 Nxg4 19. Nxg4 Bg5 20. Be3 h5 21. Nh2 Bxe3
22. Rxe3 Qh4 23. Qd2 Kg7 24. Rae1 Qf4 25. Qe2 a5 26. Kg1 Rh8 27. Rf3 Qh4 28.
Qe3 Rag8 29. Nf1 Kf8 30. b4 cxb3 31. axb3 g5 32. Rf6 g4 33. Rxd6 gxh3 34. g3
Rxg3+ 35. fxg3 Rg8 36. Kh2 1-0